Wszystkie kraje które występowały na Mistrzostwach Świata - Statystyki

Ogólne statystyki
  • Ten quiz został rozwiązany 283 razy
  • Średni wynik to 57 z 83
Statystyki odpowiedzi
najlepsze Miejsce Kraj % Poprawnych
Zwycięzca Argentyna
96%
Zwycięzca Brazylia
96%
Zwycięzca Niemcy/RFN
96%
3 Miejsce Polska
96%
Zwycięzca Francja
94%
Zwycięzca Anglia
92%
Zwycięzca Hiszpania
92%
ĆwiercFinał Rosja
89%
Zwycięzca Urugwaj
89%
Zwycięzca Włochy
89%
3 Miejsce Portugalia
88%
WiceMistrz Szwecja
87%
WiceMistrz Holandia
84%
Runda 2 Japonia
84%
Faza Grupowa Kanada
84%
CwierćFinał Meksyk
84%
3 Miejsce USA
84%
PółFinał Korea Południowa
83%
PółFinał Maroko
83%
Runda 2 Norwegia
82%
WiceMistrz Chorwacja
81%
ĆwiercFinał Ukraina
81%
Faza Grupowa Czechy
80%
Runda 2 Australia
79%
3 Miejsce Belgia
79%
Runda 2 Egipt
79%
Faza Grupowa Chiny
76%
Runda 2 Grecja
76%
ĆwiercFinał Irlandia
76%
Runda 2 Słowacja
76%
3 Miejsce Turcja
76%
Runda 2 Arabia Saudyjska
75%
Faza Grupowa Katar
75%
3 Miejsce Austria
74%
3 Miejsce Chile
74%
ĆwiercFinał Dania
74%
ĆwiercFinał Korea Północna
74%
ĆwiercFinał Senegal
74%
ĆwiercFinał Szwajcaria
74%
ĆwiercFinał Walia
74%
Runda 2 Ekwador
72%
Faza Grupowa Iran
71%
Faza Grupowa Serbia
71%
WiceMistrz Węgry
71%
Faza Grupowa Szkocja
70%
ĆwiercFinał Ghana
69%
ĆwiercFinał Kolumbia
69%
Runda 2 Algieria
68%
Faza Grupowa RPA
68%
ĆwiercFinał Rumunia
68%
Faza Grupowa Słowenia
68%
ĆwierćFinał Kostaryka
67%
Faza Grupowa Nowa Zelandia
67%
ĆwiercFinał Peru
67%
ĆwiercFinał Kamerun
66%
Faza Grupowa Irak
64%
Runda 2 Nigeria
64%
Faza Grupowa Islandia
63%
PółFinał Bułgaria
62%
Faza Grupowa Tunezja
62%
Faza Grupowa Boliwia
61%
Faza Grupowa Panama
60%
ĆwiercFinał Paragwaj
59%
CwierćFinał Kuba
57%
Faza Grupowa Bośnia i Hercegowina
56%
ĆwiercFinał Irlandia Północna
56%
Faza Grupowa Honduras
53%
PółFinał Jugosławia
53%
PółFinał ZSSR
52%
Runda 2 Indonezja
50%
Faza Grupowa Jamajka
49%
Faza Grupowa Haiti
48%
WiceMistrz CzechoSłowacja
47%
Faza Grupowa Izrael
47%
Faza Grupowa Angola
44%
Faza Grupowa WKS
43%
Faza Grupowa Salwador
42%
Faza Grupowa Togo
37%
Faza Grupowa ZEA
36%
Faza Grupowa Trynidad i Tobago
33%
ĆwiercFinał NRD
31%
Faza Grupowa Zair
23%
Faza Grupowa Kuweit
8%
Nie znaleziono quizów pasujących do podanych kryteriów
Rozkład punktacji
Procent ludzi z każdym wynikiem
Percentyl według liczby udzielonych odpowiedzi
Twoja historia wyników
Nie rozwiązałeś tego quizu